Largest Countries Containing Three 'A's - Statistics

General Stats
  • This quiz has been taken 332 times
  • The average score is 11 of 20
Answer Stats
km Country mi % Correct
9,984,670 Canada 3,855,100
91%
7,692,024 Australia 2,969,907
90%
2,724,900 Kazakhstan 1,052,000
78%
652,230 Afghanistan 251,830
72%
75,417 Panama 29,119
64%
945,087 Tanzania 364,000
59%
86,600 Azerbaijan 33,400
57%
622,984 C.A.R. 240,535
56%
330,803 Malaysia 127,724
56%
1,030,700 Mauritania 398,000
56%
108,889 Guatemala 42,042
53%
28,748 Albania 11,100
48%
406,752 Paraguay 157,048
48%
83,600 U.A.E. 32,300
48%
462,840 P.N.G. 178,700
45%
130,373 Nicaragua 50,337
44%
13,943 Bahamas 5,383
41%
51,209 Bosnia & Herz. 19,772
39%
10,991 Jamaica 4,244
37%
28,051 Equatorial Guinea 10,831
26%
No matching quizzes found
Score Distribution
Percent of People with Each Score
Percentile by Number Answered
Your Score History
You have not taken this quiz